| Tag |
First Indicator |
Second Indicator |
Subfields |
| LEADER |
00000cam a2200000Ma 4500 |
| 001 |
in00003545503 |
| 006 |
m o d |
| 007 |
cr nn||||||||| |
| 008 |
121227s1996 ne o 000 0 eng d |
| 005 |
20260420213451.1 |
| 020 |
|
|
|a 9789400916593 (electronic bk.)
|
| 020 |
|
|
|a 9400916590 (electronic bk.)
|
| 035 |
|
|
|a (OCoLC)840304658
|
| 040 |
|
|
|a I9W
|b eng
|e pn
|c I9W
|d OCLCO
|d OCLCQ
|d UV0
|d OCLCO
|d GW5XE
|d OCLCF
|d UtOrBLW
|
| 049 |
|
|
|a TXAM
|
| 050 |
|
4 |
|a QK710-899
|
| 082 |
0 |
4 |
|a 571.2
|2 23
|
| 100 |
1 |
|
|a Lindstrom, Sandra C.
|
| 245 |
1 |
0 |
|a Fifteenth International Seaweed Symposium :
|b Proceedings of the Fifteenth International Seaweed Symposium held in Valdivia, Chile, in January 1995 /
|c edited by Sandra C. Lindstrom, David J. Chapman.
|
| 246 |
3 |
|
|a Proceedings of the Fifteenth International Seaweed Symposium held in Valdivia, Chile, in January 1995
|
| 264 |
|
1 |
|a Dordrecht :
|b Springer Netherlands,
|c 1996.
|
| 300 |
|
|
|a 1 online resource (576 pages)
|
| 336 |
|
|
|a text
|b txt
|2 rdacontent
|
| 337 |
|
|
|a computer
|b c
|2 rdamedia
|
| 338 |
|
|
|a online resource
|b cr
|2 rdacarrier
|
| 490 |
1 |
|
|a Developments in Hydrobiology ;
|v 116
|
| 520 |
|
|
|a This volume provides a selection of the most significant papers presented at the 15th International Seaweed Symposium in Valdivia, Chile, in January 1995. Plenary lectures featured seaweed research and utilization in Chile by Bernabé Santelices, ethnobotany of seaweeds by Isabella Abbott, host-virus interactions in marine brown algae by Dieter Müller, DNA analysis methods for recognizing species invasion by Annette Coleman, and recent developments in manufacturing and marketing carrageenan by Harris Bixler. <br/> Other highlights include sections on integrated aquaculture using seaweeds and marine invertebrates or fishes and on diseases in seaweeds. The remaining papers cover recent advances in floristics and systematics, population studies, pollution, cultivation, economics, physiology, biochemistry, cell biology, and chemistry and chemical composition of seaweeds, particularly species of Gracilariales, Gigartinales, Gelidiales, Laminariales and Fucales.
|
| 500 |
|
|
|a Electronic resource.
|
| 650 |
|
0 |
|a Life sciences.
|
| 650 |
|
0 |
|a Aquatic biology.
|
| 650 |
|
0 |
|a Evolution (Biology)
|
| 650 |
|
0 |
|a Plant physiology.
|
| 650 |
|
7 |
|a Aquatic biology.
|2 fast
|0 (OCoLC)fst00811975
|
| 650 |
|
7 |
|a Evolution (Biology)
|2 fast
|0 (OCoLC)fst00917302
|
| 650 |
|
7 |
|a Life sciences.
|2 fast
|0 (OCoLC)fst00998323
|
| 650 |
|
7 |
|a Plant physiology.
|2 fast
|0 (OCoLC)fst01065616
|
| 655 |
|
7 |
|a Electronic books.
|2 local
|
| 700 |
1 |
|
|a Chapman, David J.
|
| 710 |
2 |
|
|a SpringerLink (Online service)
|
| 830 |
|
0 |
|a Developments in hydrobiology ;
|v 116.
|
| 856 |
4 |
0 |
|u http://proxy.library.tamu.edu/login?url=https://link.springer.com/10.1007/978-94-009-1659-3
|z Connect to the full text of this electronic book
|t 0
|
| 994 |
|
|
|a 92
|b TXA
|
| 999 |
|
|
|a MARS
|
| 999 |
f |
f |
|s 2a123f42-529f-3a0b-9175-98931129863e
|i 5b517e76-c62c-3dfd-951a-d9d4dd6238be
|t 0
|
| 952 |
f |
f |
|a Texas A&M University
|b College Station
|c Electronic Resources
|s www_evans
|d Available Online
|t 0
|e QK710-899
|h Library of Congress classification
|
| 998 |
f |
f |
|a QK710-899
|t 0
|l Available Online
|